| 000 | 00373nam a22001577a 4500 | ||
|---|---|---|---|
| 003 | OSt | ||
| 008 | 230222b |||||||| |||| 00| 0 eng d | ||
| 041 | _aeng | ||
| 082 |
_a894.812 3 _bJOS/AL |
||
| 100 |
_aJoseph Roth _95385 |
||
| 245 | _aAlavukalum thookkangalum | ||
| 250 | _I1st | ||
| 260 |
_aThiruvananthapuram _CChintha Publishers _c2022 |
||
| 300 | _a144 | ||
| 942 | _cBK | ||
| 999 |
_c17630 _d17630 |
||